00580 2200217 4500001002100000005001700021008004100038035002400079082001500103090002500118100001700143245005300160260003900213300002400252650002500276850001300301980001500314985000600329986001200335999001500347YOGYA-0209000002012420090227023405.0 ind  0010-020900000020124 a323.209921 a323.209921bDar PlT aDARMOSUGONDO aPeristiwa P.R.R.I di Sumatra BaratcDarmosugondo aJakartabPenerbitan Chususc[s.a.] a51 hlmbilusc21 cm aPemberontakan - PRRI aYOPDYOGB a06-06-2006 a1 aBPRTREV aa000001820